Az általános orvos feladatai a preoperatív szájsebészeti ellátásban
Elmentve itt :
| Szerző: | |
|---|---|
| Dokumentumtípus: | Könyv |
| Kulcsszavak: | fogászat sebészet |
| Tárgyszavak: | |
| Online Access: | http://eta.bibl.u-szeged.hu/5231 |
| LEADER | 00886nnm a2200229 i 4500 | ||
|---|---|---|---|
| 001 | eta5231 | ||
| 005 | 20210312090016.0 | ||
| 008 | 210312suuuu hu o 0|| hun d | ||
| 040 | |a SZTE Elektronikus Tananyag Archívum |b hun | ||
| 041 | |a hun | ||
| 100 | 1 | |a Pethő Gyöngyi | |
| 245 | 1 | 3 | |a Az általános orvos feladatai a preoperatív szájsebészeti ellátásban |h [elektronikus dokumentum] / |c Pethő Gyöngyi |
| 246 | 1 | 0 | |a Preoperative care in oral and maxillofacial surgery |h [elektronikus dokumentum] |
| 300 | |a 8 | ||
| 516 | |a Book | ||
| 650 | 4 | |a Orvos- és egészségtudomány | |
| 650 | 4 | |a Klinikai orvostan | |
| 650 | 4 | |a Fogászat, szájsebészet és -gyógyászat | |
| 650 | 4 | |a Szájsebészet | |
| 695 | |a fogászat | ||
| 695 | |a sebészet | ||
| 856 | 4 | 0 | |u https://eta.bibl.u-szeged.hu/5231/1/petho_az_altalanos_orvos_feladatai_a_preoperativ_szajsebeszeti_ellatasban.pdf |z Dokumentum-elérés |